Bankovnictví
Uložené v:
| Hlavný autor: | |
|---|---|
| Ďalší autori: | |
| Médium: | Kniha |
| Jazyk: | Czech |
| Vydavateľské údaje: |
Brno
Masarykova univerzita - Právnická fakulta
1997
|
| Edícia: | Edice učebnic Právnické fakulty Masarykovy univerzity v Brně
sv. 188 |
| Predmet: | |
| Tagy: |
Žiadne tagy, Buďte prvý, kto otaguje tento záznam!
|
MARC
| LEADER | 00000nam a2200000 4500 | ||
|---|---|---|---|
| 001 | c101320 | ||
| 005 | 20221124073109.9 | ||
| 020 | |a 80-210-1715-5 | ||
| 020 | |a 80-85765-91-8 | ||
| 041 | 0 | |a cze | |
| 044 | |a CZ | ||
| 245 | 1 | 0 | |a Bankovnictví |c Jiří Blažek, Jiří Uklein |
| 264 | 1 | |a Brno |b Masarykova univerzita - Právnická fakulta |c 1997 | |
| 300 | |a 179 s. | ||
| 490 | 1 | |a Edice učebnic Právnické fakulty Masarykovy univerzity v Brně |v sv. 188 | |
| 830 | 0 | |a Edice učebnic Právnické fakulty Masarykovy univerzity v Brně |v sv. 188 | |
| 610 | 2 | 0 | |a bankovníctvo |
| 610 | 2 | 0 | |a peniaze |
| 610 | 2 | 0 | |a trh peňažný |
| 610 | 2 | 0 | |a banky |
| 610 | 2 | 0 | |a banky centrálne |
| 610 | 2 | 0 | |a banky obchodné |
| 610 | 2 | 0 | |a riziko bankové |
| 610 | 2 | 0 | |a styk platobný |
| 610 | 2 | 0 | |a klíring |
| 610 | 2 | 0 | |a komunikácia |
| 610 | 2 | 0 | |a platby šekom |
| 610 | 2 | 0 | |a nástroje bankové |
| 610 | 2 | 0 | |a styk platobný medzinárodný |
| 610 | 2 | 0 | |a Česko |
| 610 | 2 | 0 | |a ČNB Praha |
| 100 | 1 | |a Blažek, Jiří | |
| 700 | 1 | |a Uklein, Jiří | |